000 00346 a2200133 4500
001 90384
082 _aPR 891
090 _c42704
_d42704
100 _aNaeem ud Din
245 _aDesign of a turbo jet engine axial flow turbine
_nG-21
260 _aKarachi
_bNED University
_c1985
300 _a116 p.
_bhand written
500 _aBE Project Reports
942 _aCAE NUST
_kPR 891
999 _c325457
_d325457